1834 1530 1569 1651 1975 1134 1978 1239 1853 1627 1929 1031 1852 1820 1512 1466 1323 1811 1895 1335 1444 1079 1595 1839 1116 1669 1151 1865 1564 1806 1565 1422 1269 1780 1694 1034 1585 1560 1432 1627 1865 1594 1997 1019 1143 1637 1097 1597 1291 1531 1493 1123 1678 1257 1082 1659 1180 1964 1712 1738 1808 1564 1433 1272 1538 1711 1368 1108 1518 1156 1249 1547 1068 1608 1492 1635 1720 1205 1360 1879 1280 1929 1423 1694 1402 1541 1666 1081 1599 1514 1034 1391 1348 1908 1073 1606 1375 1002 1571 BCNSPRNW ULIB Ver.6.0+V

เปลี่ยนเป็นภาษาไทย

Change to English
 แสดงรายละเอียดบรรณานุกรม
  กลับหน้าหลัก

Brief Record : Get Marc (ISO 2709) : E-mail record : QR code < ปิดหน้าต่าง
LEADER : 00000nam 2200000uu 4500
001    13399126122
003     ULIB
008    180611s2014||||th 000 0 tha d
020    ^a9781438074566 (book with audio CD)
050  0 ^aPE3235^bL735B
100 1  ^aLougheed, Lin
245 10 ^aBarron The Leader in Test Preparation Writing for the TOEFL iBT /^cLin Lougheed
246 30 ^aThe Leader in Test Preparation IELTS
250    ^a5Th ed.
260    ^aHauppauge, N.Y. :^bBarron Educational Series,^c2014
300    ^a1audio CD :^bsd.,col ;^c4 3/4 in.^e1book
490 0  ^aIELTS Superpack
590    ^aPurchase-E-17
650  0 ^aInternational English Language Testing System^vStudy guides
650  0 ^aEnglish language^vTextbooks for foreign speakers
650  0 ^aEnglish language^xExaminations^vStudy guides
650  0 ^aVocabulary^xExaminations^vStudy guides
850    ^aPSUCL
945    ^p770^l0^i004212
945    ^p770^l0^i004213
999    ^aวรรณษา ชูชัยมงคล
รายการนี้ยังไม่มีแท็ก
คุณยังไม่ได้ล็อกอิน คุณสามารถมีกิจกรรมร่วมกับเว็บไซต์ได้ แต่ต้องล็อกอินก่อน ::
  ล็อกอิน

รายการสื่อสารสนเทศ

ลำดับที่ ประเภท เลขเรียก/บาร์โค้ด สถานที่ สถานะ
1. วิทยาศาสตร์การแพทย์ และสุขภาพ
หนังสือสำรอง
สถานะ=หนังสือสำรอง
PE3235 L735B ฉ.1 
  Barcode: 004212
ห้องสมุดวิทยาเขตนครสวรรค์
►นวนิยาย:l:Fiction
บนชั้น
2. วิทยาศาสตร์การแพทย์ และสุขภาพ
วิทยาศาสตร์การแพทย์ และสุขภาพ
PE3235 L735B ฉ.2 
  Barcode: 004213
ห้องสมุดวิทยาเขตนครสวรรค์
►นวนิยาย:l:Fiction
ถูกยืม กำหนดส่งวันที่ 11 เมษายน 2568
  จอง

รายการใกล้เคียง
    ผู้แต่ง [Lougheed, Lin]

BibComment


ยังไม่เคยถูกคอมเมนท์

คอมเมนท์ทรัพยากรรายการนี้
  คอมเมนท์: Barron The Leade..


 Copyright 2026. Bcnsprnw @Library